| 000 | 00698nam a22002417a 4500 | ||
|---|---|---|---|
| 999 |
_c10 _d10 |
||
| 003 | AR-CdUCM | ||
| 008 | 190220b ||||| |||| 00| 0 spa d | ||
| 040 |
_aMUNICIPALIDAD PROVINCIAL DEL CUSCO _cBIBLIOTECA MUNICIPAL DEL CUSCO |
||
| 041 | _heng | ||
| 082 |
_a812 / _bF28 |
||
| 100 |
_aFaulkner, William _954 |
||
| 245 | _aRéquiem para una Mujer / | ||
| 260 |
_aBuenos Aires : _bEmecé Editores, _c1952. |
||
| 300 |
_a225 paginas. _c23cm |
||
| 505 | _aEl Tribunal -- El Domo Dorado -- La Carcel ... | ||
| 650 |
_aTribunal _955 |
||
| 650 |
_aDomo Dorado _956 |
||
| 650 |
_aCarcel _957 |
||
| 650 |
_aMujer _958 |
||
| 700 |
_aZalamea, Jorge _959 |
||
| 942 |
_2ddc _cLIBROS |
||
| 945 |
_apjha _d2019-02-20 |
||